[Event "Olimpiadi 2008 - open"]
[Site "Dresda GER"]
[Date "2008.11.17"]
[Round "5"]
[White "Leko, P."]
[Black "Ivanchuk, V."]
[Result "0-1"]
[WhiteElo "2747"]
[BlackElo "2786"]
[PlyCount "254"]
[EventDate "2008.11.13"]
[Source "www.chesslib.no"]
[SourceDate "2004.05.04"]

1. e4 c5 2. Nf3 e6 3. d4 cxd4 4. Nxd4 a6 5. Bd3 Bc5 6. Nb3 Be7 7. Qg4 Bf6 8. Qg3 Nc6 9. Nc3 Nge7 10. O-O O-O 11. Bg5 Bxg5 12. Qxg5 d6 13. f4 b5 14. f5 Ne5 15. Rad1 Qb6+ 16. Kh1 f6 17. Qg3 Kh8 18. fxe6 Bxe6 19. Be2 b4 20. Nd4 Bd7 21. Nd5 Nxd5 22. exd5 Rac8 23. a3 a5 24. axb4 Qxb4 25. b3 Rc3 26. Qf4 Rfc8 27. Rd2 a4 28. bxa4 Bxa4 29. Qf5 Bd7 30. Ne6 Qb2 31. Bd3 Nxd3 32. Rxd3 Qxc2 33. Rxc3 Qxc3 34. Qg4 Rg8 35. Ng5 Be8 36. Ne4 Qc4 37. Qf5 Qa6 38. Qf4 Bf7 39. Nxd6 Bxd5 40. Nf5 Qe2 41. Rf2 Qd1+ 42. Rf1 Qd3 43. Kg1 Be6 44. h3 Qd7 45. Kh2 Rd8 46. Rf2 Kg8 47. Rf3 Kh8 48. Rf2 Qf7 49. Rf3 Qa7 50. Rf1 Qb8 51. Qxb8 Rxb8 52. Nd4 Bd5 53. Rf2 h6 54. Re2 Rb6 55. Nf5 Be6 56. Nd4 Bd7 57. g4 Rb4 58. Rd2 Kh7 59. Nc2 Rb7 60. Ne3 Be6 61. Rd6 Bf7 62. Rd3 h5 63. Kg3 Bg6 64. Rc3 Rb1 65. Kh4 Rb4 66. Kg3 Re4 67. Ra3 Kh6 68. Rc3 Bh7 69. Ra3 Bg6 70. Rc3 Re5 71. Ng2 Be4 72. Ne3 Kg5 73. h4+ Kg6 74. gxh5+ Rxh5 75. Rc7 Ra5 76. Rc4 Re5 77. Ng4 Re7 78. Rc5 Kh7 79. h5 Rf7 80. Kf4 Bd3 81. Nf2 Be2 82. Ne4 Ra7 83. Rc6 Rf7 84. Ng3 Bb5 85. Rb6 Ba4 86. Ra6 Bb3 87. Rb6 Ba2 88. Ra6 Bc4 89. Rc6 Bd5 90. Rd6 Bg2 91. Rd2 Bb7 92. Rc2 Re7 93. Rc4 Bd5 94. Rc5 Rd7 95. Rb5 Bc4 96. Rc5 Rd4+ 97. Ke3 Rd3+ 98. Kf4 Bd5 99. Nf5 Be6 100. Ng3 Rd4+ 101. Ke3 Rg4 102. Kf3 Ra4 103. Ke3 Kh6 104. Kf3 Rh4 105. Rc7 Rb4 106. Rc5 Ra4 107. Rb5 Rh4 108. Rb8 Kh7 109. Rb5 Kh6 110. Rb8 Bg4+ 111. Ke3 Rh3 112. Kf2 Rh2+ 113. Kg1 Ra2 114. Rh8+ Kg5 115. h6 gxh6 116. Ne4+ Kf5 117. Nxf6 Kxf6 118. Rxh6+ Kg5 119. Rh2 Ra1+ 120. Kf2 Kf4 121. Rh8 Ra2+ 122. Ke1 R 2+ 123. Kf1 Kg3 124. Rd8 Re3 125. Rg8 Re7 126. Rg5 Rh7 127. Ke1 Rd7 0-1

[Event "NBC 2000-02"]
[Site "?"]
[Date "2000.01.01"]
[Round "?"]
[White "Oosterom Joop van"]
[Black "Andersson Ulf"]
[Result "1/2-1/2"]
[WhiteElo "2684"]
[BlackElo "2805"]
[PlyCount "59"]
[EventDate "2000.??.??"]
[Source "www.chesslib.no"]
[SourceDate "2004.05.04"]

1. e4 c5 2. Nf3 e6 3. d4 cxd4 4. Nxd4 a6 5. Bd3 Bc5 6. Nb3 Ba7 7. O-O Ne7 8. c4 d6 9. Nc3 e5 10. Qe2 Be6 11. Be3 Bxe3 12. Qxe3 Nd7 13. Rfd1 Qb6 14. Qxb6 Nxb6 15. Rac1 O-O-O 16. Na1 Kb8 17. b3 g6 18. Nc2 f5 19. Be2 Rhe8 20. Rd2 fxe4 21. Rcd1 Kc7 22. Nxe4 d5 23. cxd5 Nbxd5 24. Ng5 Bg8 25. Bc4 b5 26. Bxd5 Rxd5 27. Ne3 Rxd2 28. Rxd2 h5 29. Ne4 Rd8 30. Rxd8 1/2-1/2

[Event "Tournament (computers)"]
[Site "Internet"]
[Date "2008.01.26"]
[Round "2"]
[White "Computer \"]
[Black "Computer \"]
[Result "0-1"]
[WhiteElo "2674"]
[BlackElo "2765"]
[PlyCount "55"]
[EventDate "2008.??.??"]
[Source "www.chesslib.no"]
[SourceDate "2004.05.04"]

1. e4 c5 2. Nf3 e6 3. d4 cxd4 4. Nxd4 a6 5. Bd3 Bc5 6. Nb3 Be7 7. Nc3 b5 8. O-O Nc6 9. Qg4 g6 10. Qg3 Nf6 11. Bh6 d6 12. a3 Nh5 13. Qe3 g5 14. Ne2 Rg8 15. Qf3 Nf6 16. e5 Nd5 17. exd6 Bxd6 18. Qh5 Bb7 19. c3 Ne5 20. Bc2 Nf6 21. Qh3 g4 22. Qe3 Nf3+ 23. Kh1 Nd5 24. Qe4 Rg6 25. Ned4 Nxd4 26. Bg5 Qxg5 27. Nxd4 Bxh2 28. Rfe1 0-1

[Event "1st ACP World Rapid Cup"]
[Site "Odessa UCR"]
[Date "2007.01.07"]
[Round "2.1"]
[White "Leko, P."]
[Black "Rublevsky, S."]
[Result "1-0"]
[WhiteElo "2749"]
[BlackElo "2677"]
[PlyCount "78"]
[EventDate "2007.01.05"]
[Source "www.chesslib.no"]
[SourceDate "2004.05.04"]

1. e4 c5 2. Nf3 e6 3. d4 cxd4 4. Nxd4 a6 5. Bd3 Bc5 6. Nb3 Ba7 7. O-O Ne7 8. Bf4 d5 9. Qh5 Nbc6 10. Nc3 d4 11. Ne2 Ng6 12. Bg3 e5 13. f4 exf4 14. Nxf4 O-O 15. Nd5 Bb8 16. Bxb8 Rxb8 17. Rad1 Be6 18. Be2 Rc8 19. c3 Nce7 20. Rxd4 Bxd5 21. exd5 Qd6 22. Nd2 b5 23. Ne4 Qb6 24. Kh1 Rcd8 25. d6 Nc6 26. Rd5 Qe3 27. Qf3 Qxf3 28. Bxf3 Rfe8 29. Nc5 Re5 30. Nxa6 Rxd5 31. Bxd5 Nce5 32. Nc7 Rxd6 33. Rd1 Nf4 34. Bb3 Ned3 35. Rd2 Rf6 36. g3 Nh3 37. Kg2 Nhf2 38. Nd5 Rh6 39. Nf4 Nxf4+ 1-0

[Event "Olimpiadi 2008 - open"]
[Site "Dresda GER"]
[Date "2008.11.22"]
[Round "9"]
[White "Berg, E."]
[Black "Topalov, V."]
[Result "0-1"]
[WhiteElo "2623"]
[BlackElo "2791"]
[PlyCount "62"]
[EventDate "2008.11.13"]
[Source "www.chesslib.no"]
[SourceDate "2004.05.04"]

1. e4 c5 2. Nf3 e6 3. d4 cxd4 4. Nxd4 a6 5. Bd3 Bc5 6. Nb3 Ba7 7. Nc3 Nc6 8. Qg4 Nf6 9. Qg3 d6 10. O-O Ne5 11. Be2 O-O 12. Bf4 Bb8 13. Rad1 Qe7 14. Be3 b5 15. f4 Nc4 16. Bxc4 bxc4 17. Nd2 Bb7 18. e5 dxe5 19. fxe5 Nd5 20. Bg5 Qc5+ 21. Kh1 f5 22. Nde4 fxe4 23. Nxe4 Rxf1+ 24. Rxf1 Qc7 25. Qg4 Qxe5 26. Qh5 h6 27. Qf7+ Kh7 28. Rf4 Nxf4 29. Nf6+ Qxf6 30. Bxf6 Bxg2+ 31. Kg1 Ba7+ 0-1

[Event "Corr"]
[Site "?"]
[Date "1999.11.03"]
[Round "?"]
[White "Elwert Hans-Marcus"]
[Black "Andersson Ulf"]
[Result "1/2-1/2"]
[WhiteElo "2681"]
[BlackElo "2623"]
[PlyCount "114"]
[EventDate "1999.??.??"]
[Source "www.chesslib.no"]
[SourceDate "2004.05.04"]

1. e4 c5 2. Nf3 e6 3. d4 cxd4 4. Nxd4 a6 5. Bd3 Bc5 6. Nb3 Ba7 7. O-O Ne7 8. Qe2 d6 9. Be3 Bxe3 10. Qxe3 e5 11. c4 Be6 12. Nc3 Nd7 13. Be2 Qb6 14. Qxb6 Nxb6 15. Nd2 Nc6 16. b3 Nd4 17. Rfd1 Ke7 18. Nf1 a5 19. Ne3 a4 20. Bd3 Rhc8 21. Rdb1 axb3 22. axb3 g6 23. g3 Kd8 24. Rxa8 Rxa8 25. Nc2 Nxc2 26. Bxc2 Bd7 27. Rd1 Ke7 28. f4 f6 29. Kf2 Ra3 30. Rd3 Be6 31. Nb5 Ra2 32. Rd2 Nd7 33. Ke2 Nc5 34. f5 Bd7 35. Nc3 Ra3 36. Nd5+ Kf7 37. b4 Nb3 38. Bxb3 Rxb3 39. fxg6+ hxg6 40. Ra2 Be6 41. b5 f5 42. Ra7 Bxd5 43. exd5 e4 44. Kd2 Kf6 45. Kc2 Rb4 46. Kc3 Rb1 47. Kc2 e3 48. Kd3 Rb3+ 49. Kd4 g5 50. Ra2 b6 51. Re2 f4 52. gxf4 gxf4 53. Ke4 Rc3 54. Kxf4 Rxc4+ 55. Kxe3 Ke5 56. Kf3+ Kxd5 57. Kg3 Rc5 1/2-1/2

[Event "Tan Chin Nam Cup 7th"]
[Site "Shanghai"]
[Date "2001.07.17"]
[Round "8"]
[White "Peng Xiaomin"]
[Black "Xu Jun"]
[Result "1/2-1/2"]
[WhiteElo "2648"]
[BlackElo "2655"]
[PlyCount "113"]
[EventDate "2001.07.09"]
[Source "ChessBase"]
[SourceDate "2001.11.13"]

1. e4 c5 2. Nf3 e6 3. d4 cxd4 4. Nxd4 a6 5. Bd3 Bc5 6. Nb3 Ba7 7. c4 Nc6 8. Nc3 Nge7 9. O-O d6 10. Qe2 e5 11. Be3 Nd4 12. Bxd4 exd4 13. Nd5 O-O 14. Qh5 Be6 15. f4 f6 16. Rf3 g6 17. Qh4 Nxd5 18. cxd5 Bd7 19. f5 g5 20. Qh6 Kh8 21. h4 Rg8 22. Rg3 Qf8 23. Qxf8 Raxf8 24. hxg5 Rxg5 25. Rxg5 fxg5 26. Kf2 Rc8 27. Ke2 Kg7 28. Rh1 Be8 29. g4 Bb6 30. Kd2 Rc7 31. Ke2 Rc8 32. f6+ Kg8 33. e5 dxe5 34. Bxh7+ Kf7 35. Bf5 Bb5+ 36. Kd2 Rf8 37. Rh7+ Ke8 38. d6 Bc6 39. a4 a5 40. Kd3 Bd5 41. Rc7 e4+ 42. Kd2 Rxf6 43. d7+ Kd8 44. Rc8+ Ke7 45. Re8+ Kf7 46. Nxd4 e3+ 47. Ke1 Rd6 48. Nb5 Rh6 49. d8=Q Bxd8 50. Rxd8 Bf3 51. Nd6+ Kg7 52. Rd7+ Kg8 53. Rd8+ Kg7 54. Ne8+ Kf7 55. Nd6+ Kg7 56. Rd7+ Kg8 57. Rd8+ 1/2-1/2

[Event "National I"]
[Site "Bischwiller"]
[Date "2003.02.01"]
[Round "2"]
[White "Lutz, Christopher"]
[Black "Landa, Konstantin"]
[Result "1/2-1/2"]
[WhiteElo "2640"]
[BlackElo "2649"]
[PlyCount "111"]
[EventDate "2003.01.31"]
[Source "Roberto Alvarez"]
[SourceDate "2003.02.17"]

1. e4 c5 2. Nf3 e6 3. d4 cxd4 4. Nxd4 a6 5. Bd3 Bc5 6. Nb3 Ba7 7. Qe2 d6 8. Be3 Ne7 9. O-O O-O 10. Nc3 b5 11. Kh1 Bb7 12. Bxa7 Rxa7 13. Qe3 Ra8 14. Rad1 Nd7 15. f4 Qc7 16. Qh3 e5 17. fxe5 Nxe5 18. Nd4 b4 19. Nce2 Qb6 20. Rf4 N7g6 21. Rff1 d5 22. exd5 Nxd3 23. Qxd3 Bxd5 24. Nf5 Rad8 25. Ned4 Rfe8 26. c4 Bb7 27. Qg3 Be4 28. Qg4 Qc5 29. b3 Qe5 30. h3 h6 31. Rfe1 h5 32. Qg3 Qf6 33. Qf2 Kh7 34. Rf1 Qg5 35. Qg3 f6 36. Qxg5 fxg5 37. Ng3 Ba8 38. Ne6 Rxd1 39. Nxg5+ Kh6 40. Nf7+ Kh7 41. Rxd1 Nh4 42. Rd8 Re1+ 43. Kh2 Bxg2 44. Rh8+ Kg6 45. Rxh5 Kxf7 46. Rxh4 Bc6 47. Rf4+ Ke6 48. h4 g6 49. Rf2 Ke5 50. Rd2 a5 51. Kh3 a4 52. bxa4 Rc1 53. a5 Rxc4 54. a6 Rc5 55. Rb2 Ra5 56. Rxb4 1/2-1/2

[Event "II Open ROMGAZ"]
[Site "Bucarest ROM"]
[Date "2008.09.18"]
[Round "8"]
[White "Nisipeanu, LD."]
[Black "Neverov, V."]
[Result "1-0"]
[WhiteElo "2692"]
[BlackElo "2573"]
[PlyCount "72"]
[EventDate "2008.09.11"]
[Source "www.chesslib.no"]
[SourceDate "2004.05.04"]

1. e4 c5 2. Nf3 e6 3. d4 cxd4 4. Nxd4 a6 5. Bd3 Bc5 6. Nb3 Ba7 7. Qg4 Nf6 8. Qg3 d6 9. Nc3 Nc6 10. O-O b5 11. a4 b4 12. Nb5 axb5 13. axb5 Ne5 14. b6 Nh5 15. Bb5+ Bd7 16. Bxd7+ Nxd7 17. Qf3 Bxb6 18. Qxh5 Rxa1 19. Nxa1 Qa8 20. Bd2 Qxe4 21. Qb5 Bc5 22. Nb3 Ke7 23. Nxc5 dxc5 24. Be3 Rc8 25. Rd1 Qc6 26. Qc4 h6 27. h3 Kf8 28. Ra1 Nb6 29. Qd3 Kg8 30. Ra6 Qc7 31. Ra5 c4 32. Qe2 Nd7 33. Ra7 Qd6 34. Qf3 Ne5 35. Qb7 Rd8 36. Bf4 Qd5 1-0

[Event "PCA/Intel-GP"]
[Site "Paris"]
[Date "1994.??.??"]
[Round "1.7"]
[White "Adams, Michael"]
[Black "Hjartarson, Johann"]
[Result "0-1"]
[WhiteElo "2640"]
[BlackElo "2585"]
[PlyCount "38"]
[EventDate "1994.11.??"]
[Source "ChessBase"]

1. e4 c5 2. Nf3 e6 3. d4 cxd4 4. Nxd4 a6 5. Bd3 Bc5 6. Nb3 Ba7 7. Nc3 Nc6 8. Qe2 Nge7 9. Be3 d6 10. O-O-O b5 11. f4 b4 12. Na4 Bd7 13. Bxa7 Nxa7 14. e5 Bxa4 15. f5 Nxf5 16. exd6 O-O 17. Bxf5 Qg5+ 18. Kb1 Qxf5 19. Rhf1 Bb5 0-1

[Event "It (Open) INT"]
[Site "?"]
[Date "2006.05.06"]
[Round "?"]
[White "Kokarev Dmitry"]
[Black "Rublevsky Sergei"]
[Result "0-1"]
[WhiteElo "2536"]
[BlackElo "2687"]
[PlyCount "60"]
[EventDate "2006.??.??"]
[Source "www.chesslib.no"]
[SourceDate "2004.05.04"]

1. e4 c5 2. Nf3 e6 3. d4 cxd4 4. Nxd4 a6 5. Bd3 Bc5 6. Nb3 Be7 7. O-O d6 8. c4 Nf6 9. Be3 O-O 10. Nc3 b6 11. a4 Nc6 12. Nd2 Bb7 13. Be2 Nb4 14. Qb3 d5 15. cxd5 exd5 16. e5 Nd7 17. Bd4 Nc6 18. Qxd5 Nxd4 19. Qxd4 Bc5 20. Qf4 Nxe5 21. Nde4 Ng6 22. Qg3 Bb4 23. Rad1 Qe7 24. h4 Bxe4 25. h5 Bxc3 26. bxc3 Ne5 27. Rfe1 Qf6 28. Bf1 Nf3+ 29. gxf3 Qxf3 30. Rd4 Qh1# 0-1

[Event "National I"]
[Site "Bischwiller"]
[Date "2003.01.31"]
[Round "1"]
[White "Sokolov, Andrei"]
[Black "Landa, Konstantin"]
[Result "1/2-1/2"]
[WhiteElo "2569"]
[BlackElo "2649"]
[PlyCount "45"]
[EventDate "2003.01.31"]
[Source "Roberto Alvarez"]
[SourceDate "2003.02.17"]

1. e4 c5 2. Nf3 e6 3. d4 cxd4 4. Nxd4 a6 5. Bd3 Bc5 6. Nf3 d6 7. O-O Nc6 8. c4 Nge7 9. Nc3 e5 10. Ne1 O-O 11. Nc2 Be6 12. Rb1 Rc8 13. Nd5 Bxd5 14. cxd5 Nd4 15. b4 Ba7 16. Be3 Ng6 17. g3 Rc3 18. Kg2 Qc7 19. Qd2 Rc8 20. Rfc1 Qd7 21. Ne1 Rxc1 22. Rxc1 h6 23. Rxc8+ 1/2-1/2

[Event "Amsterdam (m/8)"]
[Site "?"]
[Date "1995.??.??"]
[Round "?"]
[White "Timman, J."]
[Black "Piket, Je"]
[Result "1/2-1/2"]
[WhiteElo "2590"]
[BlackElo "2625"]
[PlyCount "113"]
[EventDate "1995.??.??"]
[Source "ChessBase"]
[SourceDate "1995.06.01"]

1. e4 c5 2. Nf3 e6 3. d4 cxd4 4. Nxd4 a6 5. Bd3 Bc5 6. c3 d6 7. Qe2 Ne7 8. Bg5 h6 9. Bh4 Qc7 10. Nd2 Nbc6 11. Nxc6 Nxc6 12. f4 b5 13. Bf2 Bxf2+ 14. Qxf2 g5 15. g3 Bb7 16. a4 gxf4 17. gxf4 Rg8 18. axb5 axb5 19. Rxa8+ Bxa8 20. Rg1 Rxg1+ 21. Qxg1 Ke7 22. Qf2 Qa7 23. Qh4+ Kd7 24. Ke2 b4 25. Qf6 Kc8 26. Qxh6 bxc3 27. bxc3 Nd8 28. Qh3 Bc6 29. Qg3 Qa5 30. f5 exf5 31. exf5 Nb7 32. Qg8+ Nd8 33. Qg3 Nb7 34. Qg7 Kb8 35. Qh8+ Kc7 36. Qf6 Kb8 37. h4 Qa1 38. Bb1 Bb5+ 39. Kf2 Qa4 40. Qd4 Qd1 41. Be4 Qe2+ 42. Kg3 Qe1+ 43. Qf2 Qc1 44. Qb6 Qxc3+ 45. Nf3 Qg7+ 46. Kf4 Qh6+ 47. Kg4 Qg7+ 48. Kf4 Qh6+ 49. Kg4 Qg7+ 50. Ng5 Be2+ 51. Kh3 Bf1+ 52. Kg4 Be2+ 53. Kf4 Qe5+ 54. Ke3 d5 55. Kxe2 dxe4 56. Nxf7 Qd5 57. Nd8 1/2-1/2

[Event "Amsterdam (m/6)"]
[Site "?"]
[Date "1995.??.??"]
[Round "?"]
[White "Timman, J."]
[Black "Piket, Je"]
[Result "1-0"]
[WhiteElo "2590"]
[BlackElo "2625"]
[PlyCount "163"]
[EventDate "1995.??.??"]
[Source "ChessBase"]
[SourceDate "1995.06.01"]

1. e4 c5 2. Nf3 e6 3. d4 cxd4 4. Nxd4 a6 5. Bd3 Bc5 6. c3 d6 7. Nd2 Nf6 8. N2b3 Ba7 9. Bg5 h6 10. Bh4 e5 11. Nc2 Be6 12. Qe2 Nbd7 13. Bc4 Qc7 14. Bxe6 fxe6 15. O-O-O O-O 16. Kb1 b5 17. f3 Nb6 18. Bf2 Rfc8 19. g4 Nc4 20. Bxa7 Rxa7 21. g5 hxg5 22. h4 gxh4 23. Rxh4 a5 24. Rdh1 Kf7 25. Rg1 Qb6 26. Qg2 Rg8 27. Rh8 Kf8 28. Rhh1 b4 29. cxb4 axb4 30. Qf1 Qb5 31. Qe1 Qa4 32. Nc1 Kf7 33. b3 Na3+ 34. Nxa3 Qxa3 35. Rh2 Rc7 36. Qd2 Qa7 37. Rhg2 Qd4 38. Qg5 Rc3 39. Rd2 Qb6 40. Nd3 Ke7 41. Rgd1 Qb7 42. Nb2 Rxf3 43. Rxd6 Qxe4+ 44. Ka1 Qb7 45. Qxe5 Re8 46. Rxe6+ Kf8 47. Rxe8+ Nxe8 48. Rh1 Qc6 49. Qd4 Kg8 50. Qxb4 Nd6 51. Qh4 Nf7 52. Qh2 g5 53. Nc4 g4 54. Qh5 Qe4 55. Rd1 g3 56. Qh3 Qf4 57. Qe6 g2 58. Qg6+ Kf8 59. Qxg2 Rf2 60. Qa8+ Kg7 61. Qd5 Qh2 62. Rd2 Rxd2 63. Qxd2 Qg1+ 64. Kb2 Ng5 65. a4 Ne6 66. Qe3 Qh2+ 67. Ka3 Kf6 68. a5 Qh1 69. Qc3+ Ke7 70. Nb6 Qf1 71. b4 Qd1 72. Qe3 Kf7 73. Qb3 Qa1+ 74. Qa2 Qf1 75. Qc4 Qa1+ 76. Qa2 Qf1 77. Ka4 Ke7 78. Qc4 Qg1 79. Kb5 Qg5+ 80. Ka6 Qe5 81. Qc6 Qb8 82. Nd5+ 1-0